00885 2200301 4500001002100000005001500021035002000036007000300056008004100059020002200100040002200122082001900144084002100163090002200184100002800206245006000234250003100294300003800325650003000363700003000393850001200423264003000435336002100465337003000486338002300516999002200539990002200561INLIS00000000087823820230504105111 a0010-0523000115ta230504 2021 yoia g ind d a978-623-97070-0-2 aYOPDYOGbinderda04223a899.221301 a899.221301 IBE j aCB-D.11 2021-40230 aIbed S. Yugaepengarang10aJanger merah /cIbed S. Yuga; penyunting, Benny Yohanes aCetakan pertama, Juli 2021 avi, 65 halaman :bgambar ;c19 cm 4aCerita pendek--xKumpulan0 aBenny Yohanesepenyunting aYOPDYOG31aBantul :bKalabuku,c2021 2rdacontentateks 2rdamediaatanpa perantara 2rdacarrieravolume aCB-D.11/2021-4023 aCB-D.11/2021-4023